000 01010nam a2200253 i 4500
001 46434
003 ES-MaACL
005 20231228201712.0
007 t|
008 030328s1967 sp |||| | spa d
245 0 0 _aComentarios de Cuadernos para el diálogo al Populorum Progressi
_b: análisis previo "Problemática de la Populorum Progressio" /
_cpor Joaquín Ruiz-Giménez, Mariano Aguilar, Pedro Altares, Óscar Alzaga;.
260 _aMadrid :
_bCuadernos para el Diálogo,
_c1967.
300 _a206 p. ;
_c19 cm.
490 1 _aCuadernos para el diálogo ;
_v14
650 4 _aIglesia y problemas sociales-
_xEncíclicas.
_9137973
700 1 _aRuiz-Giménez, Joaquín,
_d1913-2009
_9100820
700 1 _aAguilar, Mariano.
_918703
700 1 _aAltares, Pedro.
_920521
700 1 _aAlzaga Villaamil, Óscar,
_d1942-
_921051
710 2 _aCuadernos para el Diálogo.
_93333
830 1 _aCuadernos para el diálogo ;
_v14
_9181812
852 _aES-MaACL
_jC-33325
999 _c46434
_d46434